<?xml version="1.0" encoding="UTF-8"?>
<record
    xmlns:xsi="http://www.w3.org/2001/XMLSchema-instance"
    xsi:schemaLocation="http://www.loc.gov/MARC21/slim http://www.loc.gov/standards/marcxml/schema/MARC21slim.xsd"
    xmlns="http://www.loc.gov/MARC21/slim">

  <leader>00378nam a22001577a 4500</leader>
  <controlfield tag="005">20161022150454.0</controlfield>
  <controlfield tag="008">161022b        xxu||||| |||| 00| 0 eng d</controlfield>
  <datafield tag="020" ind1=" " ind2=" ">
    <subfield code="a">0-07-99821-1</subfield>
  </datafield>
  <datafield tag="041" ind1=" " ind2=" ">
    <subfield code="a">eng</subfield>
  </datafield>
  <datafield tag="100" ind1=" " ind2=" ">
    <subfield code="a">GAUDIN,A.M</subfield>
    <subfield code="9">3618</subfield>
  </datafield>
  <datafield tag="245" ind1=" " ind2=" ">
    <subfield code="a">PRINCIPLES OF MINERAL DRESSING</subfield>
  </datafield>
  <datafield tag="260" ind1=" " ind2=" ">
    <subfield code="b">TATA MCGRAW HILL</subfield>
  </datafield>
  <datafield tag="300" ind1=" " ind2=" ">
    <subfield code="a">350</subfield>
  </datafield>
  <datafield tag="650" ind1=" " ind2=" ">
    <subfield code="a">MINNING ENGINEERING</subfield>
    <subfield code="9">3619</subfield>
  </datafield>
  <datafield tag="942" ind1=" " ind2=" ">
    <subfield code="c">BK</subfield>
  </datafield>
  <datafield tag="999" ind1=" " ind2=" ">
    <subfield code="c">5278</subfield>
    <subfield code="d">5276</subfield>
  </datafield>
  <datafield tag="952" ind1=" " ind2=" ">
    <subfield code="0">0</subfield>
    <subfield code="1">0</subfield>
    <subfield code="4">0</subfield>
    <subfield code="7">0</subfield>
    <subfield code="8">MINING</subfield>
    <subfield code="a">JRU</subfield>
    <subfield code="b">JRU</subfield>
    <subfield code="c">SHELF-94-D</subfield>
    <subfield code="d">2016-10-22</subfield>
    <subfield code="e">Purchase</subfield>
    <subfield code="g">350.00</subfield>
    <subfield code="l">3</subfield>
    <subfield code="o">622.12</subfield>
    <subfield code="p">21351</subfield>
    <subfield code="r">2020-02-13 00:00:00</subfield>
    <subfield code="s">2020-02-04</subfield>
    <subfield code="w">2016-10-22</subfield>
    <subfield code="y">BK</subfield>
  </datafield>
  <datafield tag="952" ind1=" " ind2=" ">
    <subfield code="0">0</subfield>
    <subfield code="1">0</subfield>
    <subfield code="4">0</subfield>
    <subfield code="7">0</subfield>
    <subfield code="a">JRU</subfield>
    <subfield code="b">MAIN</subfield>
    <subfield code="c">SHELF-6-C</subfield>
    <subfield code="d">2016-10-22</subfield>
    <subfield code="e">Purchase</subfield>
    <subfield code="g">350.00</subfield>
    <subfield code="l">1</subfield>
    <subfield code="o">622.12</subfield>
    <subfield code="p">21352</subfield>
    <subfield code="r">2022-04-18 00:00:00</subfield>
    <subfield code="s">2022-02-08</subfield>
    <subfield code="w">2016-10-22</subfield>
    <subfield code="y">BK</subfield>
  </datafield>
  <datafield tag="952" ind1=" " ind2=" ">
    <subfield code="0">0</subfield>
    <subfield code="1">0</subfield>
    <subfield code="4">0</subfield>
    <subfield code="7">0</subfield>
    <subfield code="8">MINING</subfield>
    <subfield code="a">JRU</subfield>
    <subfield code="b">JRU</subfield>
    <subfield code="c">SHELF-94-D</subfield>
    <subfield code="d">2016-10-22</subfield>
    <subfield code="e">Purchase</subfield>
    <subfield code="g">350.00</subfield>
    <subfield code="l">2</subfield>
    <subfield code="o">622.12</subfield>
    <subfield code="p">21353</subfield>
    <subfield code="r">2020-06-29 00:00:00</subfield>
    <subfield code="s">2020-02-11</subfield>
    <subfield code="w">2016-10-22</subfield>
    <subfield code="y">BK</subfield>
  </datafield>
  <datafield tag="952" ind1=" " ind2=" ">
    <subfield code="0">0</subfield>
    <subfield code="1">0</subfield>
    <subfield code="4">0</subfield>
    <subfield code="7">0</subfield>
    <subfield code="8">MINING</subfield>
    <subfield code="a">JRU</subfield>
    <subfield code="b">JRU</subfield>
    <subfield code="c">SHELF-94-D</subfield>
    <subfield code="d">2016-10-22</subfield>
    <subfield code="e">Purchase</subfield>
    <subfield code="g">350.00</subfield>
    <subfield code="l">1</subfield>
    <subfield code="o">622.12</subfield>
    <subfield code="p">21354</subfield>
    <subfield code="r">2017-07-03 00:00:00</subfield>
    <subfield code="s">2017-06-16</subfield>
    <subfield code="w">2016-10-22</subfield>
    <subfield code="y">BK</subfield>
  </datafield>
  <datafield tag="952" ind1=" " ind2=" ">
    <subfield code="0">0</subfield>
    <subfield code="1">0</subfield>
    <subfield code="4">0</subfield>
    <subfield code="7">0</subfield>
    <subfield code="8">MINING</subfield>
    <subfield code="a">JRU</subfield>
    <subfield code="b">JRU</subfield>
    <subfield code="c">SHELF-94-D</subfield>
    <subfield code="d">2016-10-22</subfield>
    <subfield code="e">Purchase</subfield>
    <subfield code="g">350.00</subfield>
    <subfield code="l">2</subfield>
    <subfield code="o">622.12</subfield>
    <subfield code="p">21355</subfield>
    <subfield code="r">2019-06-08 00:00:00</subfield>
    <subfield code="s">2019-01-24</subfield>
    <subfield code="w">2016-10-22</subfield>
    <subfield code="y">BK</subfield>
  </datafield>
</record>
